000
00262nam a2200109Ia 4500
008
230907s9999||||xx |||||||||||||| ||und||
082
_a
327.51
_b
DAN
245
0
_a
China's grand strategy :
260
_a
Palgrave,
_b
Miami :
_c
2018
300
_a
207 p.
942
_c
BK
999
_c
599398
_d
599398